Geography in Frankenstein on a Map - Statistics

General Stats
  • This quiz has been taken 605 times
  • The average score is 15 of 20
Answers on the Map
Answers color-coded by a green-red scale on the quiz's map according to % correct below.
 
Answer Stats
Hint Place % Correct
1 Victor Frankenstein's city of birth Naples
91%
2 Swiss city where he's been raised Geneva
90%
8 Victor and Henry spent several months in the English capital London
90%
15 He stopped a few days in this capital city before reaching Switzerland Paris
88%
13 Victor's boat drifted all the way to this island Ireland
87%
10 They visited this Scottish town, famous for its romantic castle and its environs, such as Arthur's Seat or St. Bernard's Well. Edinburgh
85%
17 Victor followed the Monster in a ship bound to this sea Black Sea
83%
A Russian city where Robert Walton's epistolary narrative begins St. Petersburg
83%
7 Dutch port city from which Victor and Henry embarked to England Rotterdam
82%
9 Then they visited this city famous for its ancient and picturesque colleges Oxford
81%
6 They sailed on this river to the North sea Rhine
77%
11 Town where Victor parted ways with Henry to continue his journey alone. It gave its name to a major town in Western Australia. Perth
76%
5 Before his departure for England, Victor was joined by Henry Clerval in this French border town Strasbourg
69%
C Geographical point Walton hoped to reach during his expedition North Pole
65%
12 Victor works on his second Monster on an island of this archipelago Orkney Islands
59%
16 In pursuit of the Monster, Victor followed the windings of this river to the sea Rhone
59%
4 Town in the French Alps where Frankenstein met his Monster (hint: ends with -ix) Chamonix
53%
B City from which Walton embarked on his exploration journey Arkhangelsk
49%
14 On his way back home, Victor disembarked in this French port Le Havre
48%
3 He studied and created the Monster in this Bavarian city (hint: starts with i) Ingolstadt
39%
No matching quizzes found
Score Distribution
Percent of People with Each Score
Percentile by Number Answered
Your Score History
You have not taken this quiz